[Event "AUTO-MASTER-685"]
[Site "http://www.queenalice.com/game.php?id=506673"]
[Date "2008.12.12"]
[Round "1"]
[White "Artking"]
[Black "anthe2"]
[Result "0-1"]
[WhiteElo "1910"]
[BlackElo "1932"]

1. e4 e6 2. d4 d5 3. Nc3 Nf6 4. e5 Nfd7 5. f4 a6 6. Nf3 c5 7. Be3 Nc6 8. Ne2 Be7
9. c3 O-O 10. Ng3 cxd4 11. cxd4 f6 12. Bd3 Qa5+ 13. Kf2 fxe5 14. fxe5 Qb6 15.
Qe2 Nxd4 16. Bxh7+ Kh8 17. Nf5 Nxe2 18. Bxb6 exf5 0-1

[Event "AUTO-MASTER-685"]
[Site "http://www.queenalice.com/game.php?id=796985"]
[Date "2010.6.30"]
[Round "3"]
[White "pjhunt"]
[Black "anthe2"]
[Result "0-1"]
[WhiteElo "2199"]
[BlackElo "2039"]

1. c4 Nf6 2. Nc3 e6 3. d4 d5 4. cxd5 exd5 5. Bg5 Be7 6. e3 O-O 7. Bd3 Nbd7 8.
Nf3 Re8 9. Qc2 c6 10. h3 Nf8 11. O-O g6 12. Bh6 Nh5 13. e4 dxe4 14. Nxe4 Ne6 15.
Bc4 Nhg7 16. Rad1 Qc7 17. d5 cxd5 18. Rxd5 Nf5 19. Qa4 Neg7 20. Bb5 Be6 21. Rxf5
Nxf5 22. Bf4 Qc8 23. Rc1 Qd8 24. Rd1 Qc8 25. g4 Ng7 26. Bxe8 Qxe8 27. Qxe8+ Rxe8
28. Nc3 h5 29. Ne5 g5 30. Be3 hxg4 31. Nxg4 f5 32. Ne5 a6 33. Nd5 f4 34. Bc5
Bxd5 35. Rxd5 Bf6 36. Nd3 Re2 37. Kf1 f3 38. Bb4 Ne6 39. Ne1 Rxb2 40. a3 Nf4 41.
Rd6 Nxh3 42. Rd2 Rxd2 43. Bxd2 g4 44. Nd3 Bd4 45. Be3 Bxe3 46. fxe3 g3 47. Ne1
g2+ 48. Nxg2 fxg2+ 0-1

[Event "AUTO-MASTER-685"]
[Site "http://www.queenalice.com/game.php?id=796986"]
[Date "2010.6.30"]
[Round "3"]
[White "anthe2"]
[Black "pjhunt"]
[Result "1-0"]
[WhiteElo "2061"]
[BlackElo "2182"]

1. e4 c5 2. Nf3 d6 3. d4 cxd4 4. Nxd4 Nf6 5. Nc3 a6 6. Be2 Qc7 7. O-O e6 8. f4
Be7 9. Kh1 O-O 10. a4 Nc6 11. Be3 Bd7 12. Nb3 b6 13. Bf3 Bc8 14. g4 Nd7 15. Qd2
h6 16. f5 Nde5 17. Be2 Nd7 18. g5 hxg5 19. fxe6 fxe6 20. Bxg5 Rxf1+ 21. Rxf1
Nde5 22. Bxe7 Qxe7 23. Qe3 Rb8 24. Qf2 Bb7 25. Qxb6 Qd8 26. Qxd8+ Rxd8 27. Kg2
Rf8 28. Rd1 Rd8 29. Rf1 Rf8 30. Rd1 Rd8 31. Kg3 Nf7 32. Bc4 Nb4 33. Bxe6 Nxc2
34. e5 Kf8 35. Rf1 Ba8 36. Rxf7+ Ke8 37. Rxg7 Kf8 38. Rg8+ Ke7 39. Rxd8 Bh1 40.
Rxd6 Nb4 41. Nd5+ Nxd5 42. Bxd5 Bxd5 43. Rxd5 Ke6 44. Rc5 Kd7 45. h4 Ke7 46. h5
Kf7 47. Nd4 Kg7 48. e6 Kf6 49. h6 Kg6 50. e7 1-0

[Event "AUTO-MASTER-1746"]
[Site "http://www.queenalice.com/game.php?id=1109858"]
[Date "2012.10.6"]
[Round "1"]
[White "Pros0dia"]
[Black "anthe2"]
[Result "0-1"]
[WhiteElo "2110"]
[BlackElo "2143"]

1. e4 e6 2. d4 d5 3. exd5 exd5 4. Nf3 Nf6 5. Bg5 Be7 6. Bd3 O-O 7. O-O h6 8. Bh4
b6 9. Nbd2 c5 10. c3 Nc6 11. Ne5 Nxe5 12. dxe5 Ng4 13. Bxe7 Qxe7 14. Re1 Qh4 15.
h3 Qxf2+ 16. Kh1 Qg3 17. hxg4 Qxd3 18. Nf3 Qxd1 19. Raxd1 Bxg4 20. Rxd5 Be6 21.
Rd2 Bxa2 22. b4 Be6 23. Rb1 cxb4 24. cxb4 Rac8 25. Ra1 Rc7 26. Nd4 Rfc8 27. Nxe6
fxe6 28. Kh2 Rf8 29. Rd6 Re8 30. Ra3 Ree7 0-1

[Event "AUTO-MASTER-1746"]
[Site "http://www.queenalice.com/game.php?id=1109859"]
[Date "2012.10.6"]
[Round "1"]
[White "anthe2"]
[Black "Pros0dia"]
[Result "1-0"]
[WhiteElo "2099"]
[BlackElo "2094"]

1. e4 e5 2. Nf3 Nf6 3. Nxe5 d6 4. Nf3 Nxe4 5. d4 d5 6. Bd3 Nc6 7. O-O Bg4 8. Re1
Be7 9. c3 Nd6 10. Qb3 Bxf3 11. gxf3 Na5 12. Qxd5 b6 13. Bg5 f6 14. Bf4 a6 15.
Bxd6 cxd6 16. b4 1-0

[Event "AUTO-MASTER-1746"]
[Site "http://www.queenalice.com/game.php?id=1109870"]
[Date "2012.10.6"]
[Round "1"]
[White "ErasmudoPorto"]
[Black "anthe2"]
[Result "0-1"]
[WhiteElo "2105"]
[BlackElo "2082"]

1. d4 d5 2. Nf3 e6 3. e3 Nf6 4. c4 Be7 5. Bd3 O-O 6. O-O b6 7. Nc3 Bb7 8. Bd2 c5
9. Rc1 Nc6 10. Re1 dxc4 11. Bxc4 cxd4 12. exd4 Nxd4 13. Nxd4 Qxd4 14. Nb5 Qh4
15. g3 Qh3 16. Bf1 Qf5 17. Rc7 Qd5 18. f3 Bc5+ 19. Kg2 Rfd8 20. Rxb7 Qxb7 21.
Qb3 Rxd2+ 0-1

[Event "AUTO-MASTER-1746"]
[Site "http://www.queenalice.com/game.php?id=1109871"]
[Date "2012.10.6"]
[Round "1"]
[White "anthe2"]
[Black "ErasmudoPorto"]
[Result "1-0"]
[WhiteElo "2111"]
[BlackElo "2091"]

1. e4 c6 2. d4 d5 3. e5 Bf5 4. Nf3 e6 5. Bd3 f6 6. Bxf5 exf5 7. O-O fxe5 8. Nxe5
Nf6 9. Qf3 Qc8 10. Re1 Be7 11. Nd3 Qc7 12. Qxf5 O-O 13. Bf4 Qb6 14. Rxe7 Qxd4
15. Rxb7 Na6 16. Qe6+ Kh8 17. Be5 Qh4 18. Nd2 Rae8 19. Qxc6 Nb8 20. Qc7 Nh5 21.
Bxg7+ 1-0

[Event "AUTO-MASTER-1746"]
[Site "http://www.queenalice.com/game.php?id=1109876"]
[Date "2012.10.6"]
[Round "1"]
[White "KLEOJ"]
[Black "anthe2"]
[Result "0-1"]
[WhiteElo "2079"]
[BlackElo "2133"]

1. d4 d5 2. Nf3 e6 3. Bf4 Nf6 4. e3 c5 5. c3 a6 6. Bd3 c4 7. Bc2 Nc6 8. Nbd2 Bd6
9. Ne5 O-O 10. h3 Qc7 11. Ndf3 b5 12. O-O Ne7 13. Bg5 Ne4 14. Bf4 f6 15. Ng4
Bxf4 16. exf4 Qxf4 17. g3 Qd6 18. Qe2 Bb7 19. Rae1 f5 20. Nge5 a5 21. Nh2 b4 22.
Bxe4 fxe4 23. g4 Nc6 24. f4 Nxe5 25. fxe5 Qe7 26. Qe3 Qh4 27. Kg2 bxc3 28. bxc3
Bc6 29. Rb1 Rxf1 30. Rxf1 Rb8 31. Qf2 Qxf2+ 32. Rxf2 a4 33. Nf1 a3 34. Ne3 Rb2
35. Nd1 Rb1 36. Ne3 Ba4 37. Rf1 Rb2+ 38. Rf2 Bb3 39. axb3 Rxf2+ 0-1

[Event "AUTO-MASTER-1746"]
[Site "http://www.queenalice.com/game.php?id=1109877"]
[Date "2012.10.6"]
[Round "1"]
[White "anthe2"]
[Black "KLEOJ"]
[Result "1-0"]
[WhiteElo "2122"]
[BlackElo "2081"]

1. e4 e6 2. d4 d5 3. exd5 exd5 4. Nf3 Nf6 5. Be2 Bd6 6. O-O O-O 7. Bg5 Bg4 8.
Nc3 c6 9. h3 Bh5 10. Nh4 Bxe2 11. Qxe2 h6 12. Be3 Re8 13. Nf5 Bf4 14. Qf3 Bxe3
15. fxe3 Qd7 16. Nxg7 Kxg7 17. Qxf6+ Kg8 18. Qxh6 Qe6 19. Qxe6 Rxe6 20. Rf3 Nd7
21. Raf1 f6 22. Ne2 Rae8 23. Kf2 Kf7 24. h4 Re4 25. g3 Nf8 26. Nf4 Ne6 27. Nh5
f5 28. Rxf5+ Kg6 29. Kg1 Rxe3 30. Nf6 Rf8 31. h5+ Kg7 32. Re5 Rxe5 33. dxe5 Kh6
34. g4 d4 35. Kg2 Ng5 36. Kg3 Ne4+ 37. Kh4 c5 38. Rf5 c4 39. Nxe4 Rxf5 40. gxf5
d3 41. cxd3 1-0

[Event "AUTO-MASTER-1746"]
[Site "http://www.queenalice.com/game.php?id=1143607"]
[Date "2013.1.22"]
[Round "2"]
[White "adrb"]
[Black "anthe2"]
[Result "1-0"]
[WhiteElo "2217"]
[BlackElo "2151"]

1. d4 d5 2. c4 e6 3. Nf3 Nf6 4. Nc3 Be7 5. cxd5 exd5 6. Bg5 O-O 7. e3 h6 8. Bxf6
Bxf6 9. Bd3 Be6 10. Qb3 b6 11. O-O Nc6 12. Rac1 a6 13. Ne2 Qd6 14. Nf4 Nb4 15.
Nxe6 fxe6 16. Bb1 a5 17. Qc3 c5 18. a3 Na6 19. Qd3 cxd4 20. Qh7+ Kf7 21. exd4
Rac8 22. Rce1 Qf4 23. Ne5+ Bxe5 24. Rxe5 Nc5 25. Rd1 Qf6 26. Re3 Rh8 27. Qc2 Nd7
28. Qa4 Ke7 29. Ba2 Rhf8 30. f3 Qf5 31. Bb3 1-0

[Event "AUTO-MASTER-1746"]
[Site "http://www.queenalice.com/game.php?id=1143608"]
[Date "2013.1.22"]
[Round "2"]
[White "anthe2"]
[Black "adrb"]
[Result "0-1"]
[WhiteElo "2141"]
[BlackElo "2227"]

1. e4 e6 2. d4 d5 3. exd5 exd5 4. Nf3 Be6 5. Bd3 Nf6 6. O-O Bd6 7. Nc3 O-O 8.
Ne2 Nc6 9. h3 Nb4 10. Bf4 Ne4 11. Bxd6 Qxd6 12. Bxe4 dxe4 13. Ng5 Bd5 14. Nc3 f5
15. h4 Bc4 16. Re1 h6 17. Nh3 Rad8 18. b3 Ba6 19. Na4 Nc6 20. c3 Qf6 21. Nc5 Rf7
22. Nxa6 bxa6 23. Qh5 Ne7 24. Nf4 Rd6 25. g3 c6 26. Rac1 Nd5 27. Ng2 Re7 28. Ne3
Nxe3 29. fxe3 Rd5 30. c4 Ra5 31. Rf1 Qe6 0-1

[Event "AUTO-MASTER-1746"]
[Site "http://www.queenalice.com/game.php?id=1143609"]
[Date "2013.1.22"]
[Round "2"]
[White "chess666"]
[Black "anthe2"]
[Result "1-0"]
[WhiteElo "2526"]
[BlackElo "2152"]

1. d4 d5 2. c4 e6 3. Nc3 Nf6 4. cxd5 exd5 5. Bg5 Be7 6. Qc2 c6 7. e3 O-O 8. Bd3
h6 9. Bh4 Re8 10. Nge2 Nbd7 11. O-O Ne4 12. Bxe7 Qxe7 13. Rae1 Ndf6 14. f3 Nxc3
15. Nxc3 Be6 16. Qf2 b6 17. e4 dxe4 18. fxe4 Ng4 19. Qf4 g5 20. Qg3 Qb4 21. Ne2
Qd2 22. Nc3 Qxb2 23. Be2 Qd2 24. d5 cxd5 25. Bxg4 Bxg4 26. Nxd5 Be6 27. Nf6+ Kg7
28. Qe5 Rg8 29. Rc1 Qxa2 30. Rc7 1-0

[Event "AUTO-MASTER-1746"]
[Site "http://www.queenalice.com/game.php?id=1143610"]
[Date "2013.1.22"]
[Round "2"]
[White "anthe2"]
[Black "chess666"]
[Result "0-1"]
[WhiteElo "2154"]
[BlackElo "2501"]

1. e4 e6 2. d4 d5 3. exd5 exd5 4. Nf3 Nc6 5. Be2 Bd6 6. O-O Nge7 7. Nc3 a6 8.
Re1 f6 9. Be3 Be6 10. a3 Qd7 11. Na4 b6 12. Bd3 O-O 13. c3 Na5 14. Qc2 Bf5 15.
Bxf5 Qxf5 16. Qxf5 Nxf5 17. Nd2 Nc4 18. Nxc4 dxc4 19. Re2 Rfe8 20. Rae1 Kf7 21.
Bd2 Rxe2 22. Rxe2 Re8 23. Rxe8 Kxe8 0-1

[Event "AUTO-OPEN-3818"]
[Site "http://www.queenalice.com/game.php?id=1484122"]
[Date "2017.6.28"]
[Round "1"]
[White "jacconsultoria"]
[Black "anthe2"]
[Result "1/2-1/2"]
[WhiteElo "2650"]
[BlackElo "2147"]

1. d4 d5 2. Nf3 e6 3. Bf4 Nf6 4. e3 Bd6 5. Bg3 O-O 6. Bd3 b6 7. Nbd2 Bb7 8. c3
c5 9. Bxd6 Qxd6 10. Ne5 Nc6 11. f4 a5 12. O-O Ne7 13. Qf3 Ba6 14. Bxa6 Rxa6 15.
Rae1 a4 16. Rf2 b5 17. g4 cxd4 18. exd4 b4 19. g5 bxc3 20. bxc3 Nd7 21. c4 a3
22. c5 Nxe5 23. fxe5 Qc7 24. Rb1 Ra4 25. Qd3 Nc6 26. Nf3 Rb8 27. Rd2 Rxb1+ 28.
Qxb1 Rb4 29. Qc1 Qa5 30. Kf2 g6 31. Qc3 Qa4 32. Kg3 Rc4 33. Qe3 Qb4 34. Rd3 Ne7
35. Nh4 Rc2 36. Rb3 Qd2 37. Qxd2 Rxd2 38. Rxa3 Rxd4 39. Rc3 Nc6 40. Nf3 Ra4 41.
a3 Ra5 42. Kf4 Ra4+ 43. Kg3 Ra5 44. Kf4 Ra4+ 45. Kg3 1/2-1/2

[Event "AUTO-OPEN-3818"]
[Site "http://www.queenalice.com/game.php?id=1484123"]
[Date "2017.6.28"]
[Round "1"]
[White "anthe2"]
[Black "jacconsultoria"]
[Result "1/2-1/2"]
[WhiteElo "2136"]
[BlackElo "2649"]

1. e4 e6 2. d4 d5 3. exd5 exd5 4. Nf3 Nf6 5. Bd3 Bd6 6. O-O O-O 7. h3 h6 8. Nc3
Nc6 9. a3 a6 10. Be3 Re8 11. Ne2 Ne7 12. Bf4 Bxf4 13. Nxf4 Qd6 14. Ne2 Bf5 15.
c3 Bxd3 16. Qxd3 Ng6 17. Rae1 Ne4 18. Qc2 Re6 19. Nc1 Rae8 20. Nd3 Nf4 21. Nfe5
Nxd3 22. Nxd3 b6 23. Re2 c5 24. dxc5 bxc5 25. c4 d4 26. Rfe1 R8e7 27. b4 Nc3 28.
Rxe6 Rxe6 29. Qd2 Rxe1+ 30. Qxe1 cxb4 31. axb4 Qc6 32. c5 Qb5 33. Nf4 Qxb4 34.
Qe8+ Kh7 35. Qxf7 Qxc5 36. Ne6 Ne2+ 37. Kf1 Ng3+ 38. fxg3 Qc1+ 39. Kf2 Qe3+ 40.
Kf1 Qc1+ 41. Kf2 Qe3+ 42. Kf1 Qc1+ 1/2-1/2

[Event "AUTO-OPEN-3818"]
[Site "http://www.queenalice.com/game.php?id=1484142"]
[Date "2017.6.28"]
[Round "1"]
[White "Bategoll"]
[Black "anthe2"]
[Result "0-1"]
[WhiteElo "1797"]
[BlackElo "2134"]

1. e4 e6 2. Nf3 d5 3. exd5 exd5 4. d4 Nf6 5. Bd3 Be7 6. O-O O-O 7. Nc3 b6 8. Bf4
a6 9. Ne5 Bb7 10. a3 c5 11. dxc5 bxc5 12. h3 d4 13. Nb1 Bd6 14. Bh2 Bxe5 15.
Bxe5 Qd5 16. Qf3 Qxf3 17. gxf3 Bxf3 18. Nd2 Bd5 19. Nc4 Nbd7 20. Bg3 Be4 21.
Rad1 Bxd3 22. Rxd3 Rfe8 23. Kg2 Nf8 24. Bd6 Ng6 25. Bxc5 Nf4+ 26. Kg1 Nxd3 27.
cxd3 Nd5 28. Bxd4 Nf4 29. Be3 Nxd3 30. b3 f6 31. Kh2 Rab8 32. b4 Red8 33. Na5
Rdc8 34. Nb3 Rc3 0-1

[Event "AUTO-OPEN-3818"]
[Site "http://www.queenalice.com/game.php?id=1484143"]
[Date "2017.6.28"]
[Round "1"]
[White "anthe2"]
[Black "Bategoll"]
[Result "1-0"]
[WhiteElo "2132"]
[BlackElo "1784"]

1. e4 e5 2. Nf3 d6 3. Bc4 Be7 4. d4 Nf6 5. Nc3 exd4 6. Nxd4 O-O 7. O-O Bg4 8.
Qd3 c5 9. Nf3 Nc6 10. Bf4 Bxf3 11. Qxf3 Nd4 12. Qd3 a6 13. a4 Re8 14. Rfd1 Qb6
15. b3 Nd7 16. Nd5 Qc6 17. c3 Ne6 18. Nxe7+ Rxe7 19. Qxd6 Qxd6 20. Bxd6 Ree8 21.
f4 Rad8 22. Bxe6 Rxe6 23. Bc7 Rde8 24. Rxd7 Rxe4 25. Bb6 Rxf4 26. Bxc5 h6 27.
Rxb7 g6 28. Rf1 1-0

[Event "AUTO-OPEN-3818"]
[Site "http://www.queenalice.com/game.php?id=1484154"]
[Date "2017.6.28"]
[Round "1"]
[White "anthe2"]
[Black "Rojerryo"]
[Result "1-0"]
[WhiteElo "2159"]
[BlackElo "1318"]

1. e4 c5 2. Nf3 d6 3. d4 cxd4 4. Nxd4 Nf6 5. Nc3 a6 6. Be2 Nbd7 7. Be3 b5 8. a3
Qc7 9. Qd2 Bb7 10. f3 e6 11. g4 h6 12. O-O-O b4 13. axb4 d5 14. exd5 Bxd5 15.
Nf5 Bxb4 16. Nxg7+ Ke7 17. Nxd5+ Nxd5 18. Nf5+ 1-0

[Event "AUTO-OPEN-3818"]
[Site "http://www.queenalice.com/game.php?id=1484155"]
[Date "2017.6.28"]
[Round "1"]
[White "Rojerryo"]
[Black "anthe2"]
[Result "0-1"]
[WhiteElo "1368"]
[BlackElo "2158"]

1. e4 e6 2. d4 d5 3. exd5 exd5 4. Nf3 Nf6 5. Bd3 Be7 6. O-O O-O 7. Re1 Bg4 8. h3
Bh5 9. Nc3 c6 10. Bf4 Bd6 11. Bxd6 Bxf3 12. Qxf3 Qxd6 0-1

[Event "AUTO-OPEN-3818"]
[Site "http://www.queenalice.com/game.php?id=1499959"]
[Date "2017.10.22"]
[Round "2"]
[White "TheNewTal"]
[Black "anthe2"]
[Result "1-0"]
[WhiteElo "2252"]
[BlackElo "2160"]

1. e4 e6 2. d4 d5 3. Nc3 Nf6 4. Bg5 Be7 5. e5 Nfd7 6. h4 O-O 7. Bd3 c5 8. Qh5 g6
9. Qh6 cxd4 10. Nf3 Nxe5 11. Nxe5 dxc3 12. b3 Qc7 13. f4 Nc6 14. Bxe7 Qxe7 15.
h5 Nxe5 16. fxe5 f6 17. hxg6 fxe5 18. Rh5 Qg7 19. gxh7+ Kh8 20. Qxg7+ Kxg7 21.
Rxe5 Bd7 22. Ke2 Rf7 23. Rg5+ Kh8 24. Ke3 Rc8 25. a4 Re7 26. Kd4 Rf7 27. Re1 a6
28. Re3 Rg7 29. Rxg7 Kxg7 30. Rg3+ 1-0

[Event "AUTO-OPEN-3818"]
[Site "http://www.queenalice.com/game.php?id=1499960"]
[Date "2017.10.22"]
[Round "2"]
[White "anthe2"]
[Black "TheNewTal"]
[Result "0-1"]
[WhiteElo "2160"]
[BlackElo "2233"]

1. e4 c5 2. Nf3 d6 3. d4 cxd4 4. Nxd4 Nf6 5. Nc3 g6 6. Be2 Bg7 7. Be3 Nc6 8. f3
O-O 9. Qd2 Bd7 10. O-O-O a6 11. g4 b5 12. h4 Nxd4 13. Bxd4 b4 14. Nd5 Nxd5 15.
Bxg7 Kxg7 16. exd5 Qa5 17. Kb1 f6 18. f4 e5 19. h5 e4 20. hxg6 hxg6 21. Rde1
Rae8 22. g5 Qc5 23. gxf6+ Kxf6 24. Bxa6 Bf5 25. Bb7 e3 26. Qg2 b3 27. axb3 Be4
28. Qg5+ Kf7 29. Rh7+ Kg8 30. Rh2 e2 0-1

[Event "AUTO-OPEN-3818"]
[Site "http://www.queenalice.com/game.php?id=1499965"]
[Date "2017.10.22"]
[Round "2"]
[White "holandes"]
[Black "anthe2"]
[Result "0-1"]
[WhiteElo "1977"]
[BlackElo "2160"]

1. e4 e6 2. d4 d5 3. e5 c5 4. c3 Ne7 5. Nf3 cxd4 6. cxd4 Nbc6 7. Bb5 Bd7 8. O-O
Nxe5 9. Bxd7+ Nxd7 10. Bg5 Qb6 11. b3 h6 12. Bh4 Nf5 13. Bg3 Rc8 14. Re1 Bb4 15.
Re2 Nxd4 16. Nxd4 Qxd4 17. Nd2 O-O 18. a3 Be7 19. Kh1 Rc6 20. Qe1 Rfc8 21. f3
Bxa3 22. h3 Rc1 0-1

[Event "AUTO-OPEN-3818"]
[Site "http://www.queenalice.com/game.php?id=1499966"]
[Date "2017.10.22"]
[Round "2"]
[White "anthe2"]
[Black "holandes"]
[Result "1-0"]
[WhiteElo "2167"]
[BlackElo "1980"]

1. e4 e5 2. Nf3 Nc6 3. Bc4 h6 4. d4 d6 5. dxe5 Bg4 6. exd6 Bxd6 7. Nc3 Ne5 8.
Be2 Nf6 9. Be3 Qe7 10. Nd2 Qe6 11. f4 Bxe2 12. Qxe2 Neg4 13. O-O-O O-O 14. e5
Nxe3 15. Qxe3 Ng4 16. Qf3 Bc5 17. f5 Nxe5 18. fxe6 Nxf3 19. exf7+ Rxf7 20. Nxf3
c6 21. Rhe1 a5 22. Re6 a4 23. a3 Ra6 24. Ne4 Be3+ 25. Kb1 Rb6 26. Rd8+ Kh7 27.
Nd6 Rxf3 28. gxf3 Bd4 29. Nc4 Rb5 30. Rxd4 h5 31. f4 g6 32. Rd7+ Kh6 33. Re8 g5
34. Re6# 1-0